000 00742cab a2200241 4500
001 WB3426-09
008 090401t1998 xxu||||| |||| 00| 0 eng d
035 _a(Sirsi) u87301
041 _aeng
245 _aSurvey problems
260 _c1998
350 _a0
490 _aIndependent on Sunday
_v5 July 1998, 8(1)
520 _aAdvises potential homebuyers to contact a building engineer when a surveyor doing an initial survey recommends further investigation by specialists.
650 _aBUILDING ENGINEERS
650 _aBUILDING SURVEYS
650 _aHOUSING DEFECTS
650 _aMORTGAGE VALUATION SURVEYS
650 _aSURVEYORS
690 _aBUILT ENVIRONMENT-BUILDING INSPECTION
942 _n0
948 _c09/07/1998
999 _c55057
_d55057